Povedzme o sebe pravdu
Výročná správa ako komplexný komunikačný dokument. Vymedzenie správy podniku. Princípy a kódexy správy podniku. Legislatívna úprava vytvárania výročných správ. Komplexná správa. Verejný dokument.
Gespeichert in:
| 1. Verfasser: | |
|---|---|
| Format: | Buchkapitel |
| Sprache: | Slowakisch |
| Schlagworte: | |
| Tags: |
Keine Tags, Fügen Sie das erste Tag hinzu!
|
MARC
| LEADER | 00000naa a2200000 4500 | ||
|---|---|---|---|
| 001 | r049066 | ||
| 005 | 20230920090640.5 | ||
| 041 | 0 | |a slo | |
| 044 | |a SK | ||
| 245 | 1 | 0 | |a Povedzme o sebe pravdu |c František Okruhlica |
| 520 | |a Výročná správa ako komplexný komunikačný dokument. Vymedzenie správy podniku. Princípy a kódexy správy podniku. Legislatívna úprava vytvárania výročných správ. Komplexná správa. Verejný dokument. | ||
| 610 | 2 | 0 | |a správy výročné |
| 610 | 2 | 0 | |a správa podniku |
| 610 | 2 | 0 | |a papiere cenné |
| 610 | 2 | 0 | |a akcionári |
| 610 | 2 | 0 | |a emitenti |
| 610 | 2 | 0 | |a dokumentácia účtovná |
| 610 | 2 | 0 | |a úpravy právne |
| 610 | 2 | 0 | |a investori |
| 610 | 2 | 0 | |a Slovensko |
| 100 | 1 | |a Okruhlica, František | |